Financial sector reform and its result in Ethiopia
Nová ekonomická a finančná reforma v Etiópii po roku 1989. Príčiny málo rozvinutého finančného sektora. Budovanie konkurenčného trhu. Reforma bankového a poistného sektora. Menový vývoj. Odporúčania pre ďalší vývoj.
Saved in:
| Main Author: | |
|---|---|
| Format: | Book Chapter |
| Language: | English |
| Subjects: | |
| Tags: |
No Tags, Be the first to tag this record!
|
MARC
| LEADER | 00000naa a2200000 4500 | ||
|---|---|---|---|
| 001 | r033485 | ||
| 005 | 20230929072254.0 | ||
| 041 | 0 | |a eng | |
| 044 | |a SK | ||
| 245 | 1 | 0 | |a Financial sector reform and its result in Ethiopia |c Kebebush Mulugeta |
| 520 | |a Nová ekonomická a finančná reforma v Etiópii po roku 1989. Príčiny málo rozvinutého finančného sektora. Budovanie konkurenčného trhu. Reforma bankového a poistného sektora. Menový vývoj. Odporúčania pre ďalší vývoj. | ||
| 610 | 2 | 0 | |a trh finančný |
| 610 | 2 | 0 | |a reformy |
| 610 | 2 | 0 | |a Etiópia |
| 610 | 2 | 0 | |a bankovníctvo |
| 610 | 2 | 0 | |a stabilita meny |
| 610 | 2 | 0 | |a politika menová |
| 100 | 1 | |a Mulugeta, Kebebush | |